Statistics for The Office U.S Quiz

Click here to take the quiz!

General Stats

  • This quiz has been taken 543 times
  • The average score is 14 of 15

Answer Stats

Hint Answer % Correct
"Would I rather be feared or loved? Easy. Both. I want people to be afraid of how much they love me."Michael Scott
100%
"If you pray enough, you can become a cat person."Angela Martin
99%
"You couldn't handle my undivided attention."Dwight Schrute
98%
"Sorry I annoyed you with my friendship."Andy Bernard
96%
"My nickname in high-school was Kool-Aid man."Kevin Malone
96%
"I'm not an alcoholic."Meredith Palmer
96%
"Basically, nobody does anything for me anymore unless I threaten to kill myself."Kelly Kapoor
96%
"I'm sorry I misinterpreted our friendship."Jim Halpert
95%
"Just pretend like we're talking until the cops leave."Creed Bratton
95%
"Maybe it's because you spent the whole year flirting with the receptionist."Pam Beesly
94%
"I'm very flattered. I was his second choice after 'pass'."Ryan Howard
94%
"Every Halloween, I tell him the same thing: You can't bring weapons into the office."Toby Flenderson
90%
"Yes, I have a dream, and it's not some MLK dream for equality."Stanley Hudson
86%
"I consider myself to be a good person."Oscar Martinez
83%
"B.T.B Bring that booty."Darryl Philbin
76%

Score Distribution

Percentile by Number Answered

Percent of People with Each Score

Your Score History

You have not taken this quiz